000 00510nam a2200145Ia 4500
008 100122s9999 xx 000 0 und d
082 _b30539
_a822
100 _aकालेलकर मधुसूदन
245 _aसागरा प्राण तळमळला
260 _bमॅजेस्टिक प्रकाशन
_c1978
300 _a73
630 _aसागरा प्राण तळमळला
730 _aसागरा प्राण तळमळला
942 _cBOOK
999 _c415370
_d415367